000 00709nam a2200241Ia 4500
003 OSt
005 20220918215918.0
006 a|||||r|||| 00| 0
007 ta
008 220917b |||||||| |||| 00| 0 eng d
024 _a143,330
037 _cTextual
040 _aARTS
_cARTS
_beng
041 _2eng
_aeng
082 _aY15-31:7:7F, N5
100 _aSingha Roy Debal K
_932682
245 0 _aWomen technoloyg and development
_b Changing nature of gender relations in rural India
260 _aNew Delhi
_bManohar Publications
_c1995
300 _axii, 223p.
_ccm.
650 _aSOCIOLOGY
942 _hY15-31:7:7F, N5
_cTEXL
_2CC
999 _c266283
_d266283